000 00348nam a22001337a 4500
003 OSt
008 250212b |||||||| |||| 00| 0 eng d
100 _aRANA, Sumit Kumar et. al
245 _aMin Price- A Price Analysis Web App
260 _aNew Delhi,
_bNaples India:
_c2024.
300 _a58p.
650 _aFaculty Publication
942 _2ddc
_cBK
999 _c13119
_d13119